| 000 | 006680000a22001930004500 | ||
|---|---|---|---|
| 003 | LK-CoMWRAF | ||
| 005 | 20240527144617.0 | ||
| 008 | 230817t ||||| |||| 00| 0 eng d | ||
| 040 |
_aLK-CoMWRAF _dLK-CoMWRAF _eLK-CoMWRAF |
||
| 041 | _aeng | ||
| 082 |
_a320.954 _bLET |
||
| 245 | _aLet us tread the path of non-violence to peace | ||
| 260 |
_aColombo: _bGovernment information department, _c1983 |
||
| 300 | _a[unnumbered pg.] | ||
| 490 | _aMinistry of State publication | ||
| 520 | _aSpeeches made by H.E. the president of Sri Lanka at the commonwealth summit conference New Delhi 1983 [J.R. Jayawardene] | ||
| 650 | _aPOLITICAL SPEECHES-Sri Lanka | ||
| 942 | _cBK | ||
| 999 |
_c2529 _d2529 |
||